| 000 | 00000nam 2200000zi 4500 |
| 001 | 9.917508 |
| 003 | CaOODSP |
| 005 | 20240214131827 |
| 006 | m o d f |
| 007 | cr ||||||||||| |
| 008 | 221118e202302 oncbd obs f000 0 fre d |
| 020 | |a9780660463360 |
| 040 | |aCaOODSP|bfre|erda|cCaOODSP |
| 043 | |an-cn--- |
| 086 | 1 |aH144-112/2022F-PDF |
| 245 | 00|aImpacts sur la santé de la pollution de l'air au Canada provenant du transport, de l'industrie et de la combustion résidentielle : |bestimations des décès prématurés et des effets non mortels à l’échelle nationale, provinciale, territoriale et des zones atmosphériques. |
| 264 | 1|aOttawa (Ontario) : |bSanté Canada = Health Canada,|cfévrier 2023. |
| 264 | 4|c©2023 |
| 300 | |a1 ressource en ligne (131 pages) : |bcartes, graphiques |
| 336 | |atexte|btxt|2rdacontent/fre |
| 337 | |ainformatique|bc|2rdamedia/fre |
| 338 | |aressource en ligne|bcr|2rdacarrier/fre |
| 500 | |aLe fichier de publication original en format PDF a été remplacé avec une version accessible le 14-02-2024 à la requête de Santé Canada. |
| 500 | |aPublié aussi en anglais sous le titre : Health impacts of air pollution from transportation, industry, and residential sources in Canada : estimates of premature mortality and morbidity outcomes at national, provincial, territorial, and air zone levels. |
| 504 | |aComprend des références bibliographiques (pages 78-81). |
| 520 | |a« Le présent rapport est une évaluation multisectorielle des impacts sanitaires et socioéconomiques de l’exposition aux polluants de l’air ambiant au Canada. L’évaluation quantifie et compare les impacts propres à différents secteurs quant à la qualité de l’air, aux impacts sanitaires et à leurs valeurs socioéconomiques découlant des rejets de polluants atmosphériques. Les secteurs visés, tirés d’une liste exhaustive de secteurs canadiens, représentent des sources d’émissions liées au transport, à l’industrie et au secteur résidentiel » -- Introduction, page 8. |
| 650 | 6|aAir|xPollution|xAspect sanitaire|zCanada|vStatistiques. |
| 650 | 6|aAir|xPollution|xAspect économique|zCanada|vStatistiques. |
| 650 | 6|aPolluants|xAspect sanitaire|zCanada|vStatistiques. |
| 650 | 6|aMortalité|zCanada|vStatistiques. |
| 655 | 7|aStatistiques|2rvmgf |
| 710 | 1 |aCanada. |bSanté Canada, |eorganismes de publication. |
| 775 | 08|tHealth impacts of air pollution from transportation, industry, and residential sources in Canada : |w(CaOODSP)9.917507 |
| 856 | 40|qPDF|s5.26 Mo|uhttps://publications.gc.ca/collections/collection_2023/sc-hc/H144-112-2022-fra.pdf |
| 986 | |a220589 |